000 00967cam a22002897i 4500
001 TB12437
003 IN-BhIIT
005 20250415173529.0
008 160815t20172017nyua b 001 0 eng d
020 _a9780071828444 (hbk.)
040 _aIN-BhIIT
041 _aeng
082 0 4 _a620.5
_bWIE/E
245 0 0 _aEnvironmental nanotechnology :
_bapplications and impacts of nanomaterials /
_cedited by Mark R. Wiesner and Jean-Yves Bottero.
250 _a2nd ed.
260 _aNew York :
_bMcGraw Hill,
_c2017.
300 _axvi, 395 p. :
_bill. ;
_c29 cm
500 _aPrevious edition: 2007.
504 _aIncludes bibliographical references and index.
650 0 _aNanotechnology
_xEnvironmental aspects.
_925931
650 0 _aNanoparticles
_xEnvironmental aspects.
_913902
650 0 _aNanotechnology.
650 7 _aNanotechnology.
700 1 _aWiesner, Mark R.,
_eeditor.
_92279
700 1 _aBottero, Jean-Yves,
_eJoint editor.
_925932
942 _cTB
_01
999 _c14951
_d14951